| 000 | 00844cam a22001935a 4500 | ||
|---|---|---|---|
| 001 | L155800 | ||
| 008 | 120417s1814 xxk f 000 0 eng d | ||
| 035 | _a(Sirsi) u155800 | ||
| 041 | 0 | _aeng | |
| 100 | 1 |
_aSinclair, John _cSir _d1754-1835 |
|
| 245 | 0 | 0 |
_aGeneral report of the agricultural state _band political circumstances, of Scotland / Drawn up for the consideration of the Board of agriculture and internal improvement, under the directions of the Right Hon. Sir John Sinclair, bart. the president |
| 260 |
_aEdinburgh _bA. Constable & co.; [etc., etc.] _c1814 |
||
| 300 |
_a5 v _bfront. (fold. map, v. 1) plates (part fold.) _c22 cm. |
||
| 520 | _aVols. 4 and 5 constitute an appendix in 2 vols. | ||
| 583 |
_aCondition reviewed _c20120620 _lcondition level 1 |
||
| 651 | 4 |
_aGreat Britain _y1707- |
|
| 690 |
_aRural _96268 |
||
| 942 | _n0 | ||
| 999 |
_c113832 _d113832 |
||